LEADER 04979nam 22006735 450 001 9910522939503321 005 20251113193220.0 010 $a9783030891206 010 $a3030891208 024 7 $a10.1007/978-3-030-89120-6 035 $a(MiAaPQ)EBC6819280 035 $a(Au-PeEL)EBL6819280 035 $a(CKB)19956132300041 035 $a(OCoLC)1287129434 035 $a(DE-He213)978-3-030-89120-6 035 $a(EXLCZ)9919956132300041 100 $a20211129d2022 u| 0 101 0 $aeng 135 $aurcnu|||||||| 181 $ctxt$2rdacontent 182 $cc$2rdamedia 183 $acr$2rdacarrier 200 10$aBasic Income Experiments $eA Critical Examination of Their Goals, Contexts, and Methods /$fby Roberto Merrill, Catarina Neves, Bru Laín 205 $a1st ed. 2022. 210 1$aCham :$cSpringer International Publishing :$cImprint: Palgrave Macmillan,$d2022. 215 $a1 online resource (235 pages) 225 1 $aExploring the Basic Income Guarantee,$x2662-3811 311 08$aPrint version: Merrill, Roberto Basic Income Experiments Cham : Springer International Publishing AG,c2022 9783030891190 327 $aChapter 1. Introduction -- Part 1. What we have learned from the interviews -- Chapter 2. The goal, context, and methods behind our case studies -- Chapter 3. What do our case studies tell us? -- Part 2. New questions the interviews have raised -- Chapter 4. The decision to implement UBI experiments -- Chapter 5. How results are interpreted -- Chapter 6. From experiment to policy implementation? -- Part 3. How to answer the new questions about basic income experiments, pilots and policies? -- Chapter 7 How the findings from out interviews help advance the Basic Income debate and advocacy -- Chapter 8. Conclusion: why should we conduct basic income experiments, pilots, or policies?. 330 $aThis book brings together insights and reflections following a set of interviews conducted with the main stakeholders involved in past, current, and future basic income experiments. It provides an analysis of some of the major elements and factors influencing experiments, as well of some of their most important outputs understood as results of their own experimental design, their sociological and political basis, and the epistemological status of their results. By pursuing a bottom-up strategy, where the interviews conducted take a pivotal role in the collection and analysis phase of the book, this book gathers key questions relating to policy experiments. Some questions reflected upon include the general idea of why one should engage and implement a basic income experiment, and the paradox consisting in the fact that most basic income experiments fall short of being closely considered ?pure? basic income schemes. In facing the question and the paradox head-on, the book assesses questions of experimental design, the political and social context surrounding the policy, and the main results and what can they tell us about basic income. Roberto Merrill is an assistant professor of moral and political philosophy at the University of Minho, where he does research at the Centre for Ethics, Politics & Society. He has published and edited several books, the most recent one in 2019 on basic income (in Portuguese). He co-edited with Daniel Weinstock a book on Political Neutrality: a Re-evaluation (Palgrave Macmillan, 2014). Catarina Neves holds an MSc in Management with a minor in social enterprise from Nova School of Business and Economics. She is currently working in her PhD thesis on the philosophical justification of Unconditional Basic Income, and in what way can the theoretical concepts be found in empirical experiments of UBI. Bru Laín researchedat the Karl Polanyi Institute for Political Economy (Concordia University), the Centre for Applied Philosophy, Politics and Ethics (University of Brighton), and the Chaire Hoover d'éthique économique et sociale (UC Louvain), and works between social policies and political philosophy. 410 0$aExploring the Basic Income Guarantee,$x2662-3811 606 $aFinance, Public 606 $aLabor economics 606 $aPolitical planning 606 $aExperimental economics 606 $aPublic Economics 606 $aLabor Economics 606 $aPublic Policy 606 $aExperimental Economics 615 0$aFinance, Public. 615 0$aLabor economics. 615 0$aPolitical planning. 615 0$aExperimental economics. 615 14$aPublic Economics. 615 24$aLabor Economics. 615 24$aPublic Policy. 615 24$aExperimental Economics. 676 $a339.2 676 $a362.582 700 $aMerrill$b Roberto$01079164 702 $aNeves$b Catarina 702 $aLai?n$b Bru 801 0$bMiAaPQ 801 1$bMiAaPQ 801 2$bMiAaPQ 906 $aBOOK 912 $a9910522939503321 996 $aBasic Income Experiments$92591584 997 $aUNINA